| 000 | 02689nam a2200301Ia 4500 | ||
|---|---|---|---|
| 005 | 20250223033120.0 | ||
| 008 | 231030s9999 xx 000 0 und d | ||
| 049 | _aDeposit | ||
| 082 | _a330.962 | ||
| 097 | _aM.Sc | ||
| 099 | _aCai01.03.02.M.Sc.2022.Hi.W | ||
| 100 | _aHind Ibrahim Hanafy Mohammad, | ||
| 245 |
_aWelfare effects of social cash transfer programs : _bEvidence from Egypt’s “Takaful” and “Karamah” Programs / _cPresented by Hind Ibrahim Hanafy Mohammad ; Supervisor of Sherine ElShawarby. |
||
| 246 | _aآثار برامج التحويلات النقدية الاجتماعية على الرفاهة | ||
| 260 | _c2022. | ||
| 502 | _aThesis (M.Sc.)-Cairo University-Faculty of Economics and Political Science,2022. | ||
| 504 | _aBibliography: p. 118-133. | ||
| 520 | _aتعتبر التحويلات النقدية الاجتماعية أولوية في البلدان الأقل نمواً، حيث تكون الفجوة بين الحاجة إلى الحماية الاجتماعية الأساسية وما هو متاح أكبر. تمثل هذه الدراسة واحدة من أولى الدراسات التي تتناول تقييم الآثار الشاملة لبرنامجي التحويلات النقدية الاجتماعية ”تكافل” و”كرامة” في مصر. وتؤكد النتائج، المستندة إلى أسلوب التصميم غير التجريبي لمطابقة نقاط الميل (Propensity Score Matching (PSM)) ونهج الانحدارالمرجح (odds-weighted regression)، وبيانات من بحث الدخل والإنفاق والاستهلاك 2017-2018، الآثار الإيجابية لبرنامجي التحويلات النقدية الاجتماعية ”تكافل” و”كرامة” على نصيب الفرد من نفقات الاستهلاك غير الغذائي بما في ذلك الإنفاق على الرعاية الصحية والتعليم للأسر المستفيدة. تشير النتائج أيضًا إلى وجود تأثيرات العتبة للتحويلات النقدية الاجتماعية للبرنامجين، والتي تؤثر في الغالب على نفقات الرعاية الصحية بين الأسر المستفيدة الأكثر فقرًا في الأصول ونفقات التعليم بين المستفيدين الأكثر ثراءً. | ||
| 650 | _aEconomics | ||
| 653 | _aSocial cash transfers | ||
| 700 | _aSherine ElShawarby. | ||
| 856 | _uhttp://172.23.153.220/th.pdf | ||
| 905 | _aMohamady | ||
| 942 |
_cTH _2ddc |
||
| 999 |
_c164181 _d164181 |
||
| 336 |
_2rda content _atext |
||
| 337 |
_2rdamedia _aUnmediated |
||
| 338 |
_2rdacarrier _avolume |
||